00466cam a22001452a 4500001000900000003001100009008004300020100003700063245006600100260004400166260001700210260002200227440004700249650002400296 000355 AR-FADEU 311216n20 n####xxu####################dd aTronelli, María de los Angeles aUna historia recorrida, una construcción, un aprendizaje... bFacultad de Derecho y Ciencias Sociales aGeneral Roca c20 noviembre 2008 aPráctica de Servicio Social en Comunidad aCOMUNIDAD ISRAELITA